| 000 | 01338cam a2200241 a 4500 | ||
|---|---|---|---|
| 020 | _a0415776775 (hardback : alk. paper) | ||
| 020 | _a9780415776776 (hardback : alk. paper) | ||
| 020 | _a0203889177 (ebook) | ||
| 020 | _a9780203889176 (ebook) | ||
| 041 | _aENG | ||
| 082 | 0 | 0 |
_a181.482 _bTIM |
| 100 | 1 | _aTimalsina, Sthaneshwar, | |
| 245 | 1 | 0 | _aConsciousness in Indian philosophy : The Advaita doctrine of 'awareness only' |
| 260 |
_aLondon ; _aNew York : _bRoutledge, _c2009. |
||
| 300 | _axxii, 179 p. ; | ||
| 490 | 1 | _aRoutledge Hindu studies series | |
| 505 | 0 | _aPt. I. Sat -- 1. Establishment of 'awareness only' -- 2. Svaprakasata (self-awareness) -- 3. Ekajiva : the doctrine of solitary self-awareness -- 4. Existence and awareness -- Pt. II. Anirvacaniya -- 5. Avidya -- Pt. II. Asat -- 6. A critique of difference -- 7. A critique of 'object' -- Pt. IV. Comparisons -- 8. Cinmatra and cittamatra : the Advaita critique of Yogacara. | |
| 520 | 8 | _aThis text centers on the analysis of pure consciousness as found in Advaita Vedanta, one of the main schools of Indian philosophy. Written lucidely and clearly, it reveals the depth and implications of Indian metaphysics and argument. | |
| 650 | 0 | _aAdvaita. | |
| 650 | 0 | _aConsciousness. | |
| 856 | 4 | 1 | _uhttp://www.loc.gov/catdir/toc/ecip0817/2008018729.html |
| 942 | _cBK | ||
| 999 |
_c22601 _d22601 |
||